| 000 | 00475nam a2200205Ia 4500 | ||
|---|---|---|---|
| 008 | 170918s9999 xx 000 0 und d | ||
| 020 | _a9780062127846 | ||
| 050 | _bR845in 2012 | ||
| 100 | _aRoth, Veronica | ||
| 245 | _aInsurgent / | ||
| 245 | _cby Veronica Roth. | ||
| 250 | _aFirst edition | ||
| 260 | _aUSA : | ||
| 260 | _bKatherine Tegen Books, | ||
| 260 | _c2012 | ||
| 300 | _a525 pages : | ||
| 300 | _billustrations ; | ||
| 300 | _c21cm. | ||
| 500 | _a710 | ||
| 999 |
_c344066 _d344066 |
||